Печатные материалы по законопроекту о начальном образовании

Доступно только в Электронных читальных залах Найти на картеНа карте
RUSMARC
00003382nac2a22002411x 450
001470290fe-e9c7-4a1e-84d6-d5ee40001fb6
00520140110103151.0
100##$a20130529l1909 k y0rusy50 ca
1010#$arus
102##$aRU
105##$ay z |||||
2001#$aПечатные материалы по законопроекту о начальном образовании
$j[1909]
215##$a218 листов
251##$cДело
300##$aДокументы типографские
324##$aДублеты
330##$aVI. Материалы Постоянного совета и комиссий по вопросам народного образования и печати /1906-1915/
461#0$1001b6db1e6b-efcc-4108-961b-a8f75be6354f
$12001
$aПостоянный совет объединенных дворянских обществ
$1251
$cФонд
$1852
$j434
462#0$1001376737bd-14a2-4097-a3d5-a02b2aa0e2d3
$12001
$aПостоянный совет объединенных дворянских обществ. 1906-1917 гг.
$1251
$cОпись
$1852
$j1
60102$3RU\NLR\AUTH\8810165427
$aПостоянный совет объединенных дворянских обществ
$cПетербург
801#0$aRU
$bGA_RF
801#1$aRU
$bНПО Опыт
$c20130529
$2rusmarc
801#2$aRU
$bПБ им. Б.Н. Ельцина
$c20140110
$gRCR
$2rusmarc
852##$aГА РФ
$j158
937##$d42671058
$hПБ
035##$aRuPRLIB51004514
Формат отображения